| 000 | 00804nam a22002417a 4500 | ||
|---|---|---|---|
| 005 | 20150827144650.0 | ||
| 010 | _aENG-113390 | ||
| 020 |
_a9789381523476 _c1495.00 |
||
| 035 | _aEN-96922 | ||
| 037 | _bDBAD/PUB | ||
| 082 | _a230 | ||
| 100 | _aChoudhuri, Usha | ||
| 245 |
_aHinduism : _cby Usha Choudhuri [and] Indra Nath Choudhuri _ba way of life and a mode of thought / |
||
| 260 |
_aNew Delhi _bNiyogi Books _c2012 |
||
| 270 |
_aD-78, Okhla Industrial Area, Phase-I, _bNew Delhi _e110020 |
||
| 300 |
_a280p. : _c27cm(Hb) _bcol. ill. |
||
| 500 | _a Includes bibliographical references (p. [262]-265) and index. | ||
| 650 | _a Hinduism. | ||
| 650 |
_aHinduism _xDoctrines. |
||
| 650 | _a Hindu philosophy. | ||
| 700 | _aChoudhuri, Indra Nath | ||
| 942 |
_2ddc _cEN _mCHO _h230 |
||
| 999 |
_c94726 _d94726 |
||